Statystyki dla Słówka po angielsku - obiekty sportowe

Kliknij tutaj aby rozwiązać quiz!

Ogólne statystyki

  • Ten quiz został rozwiązany 24 razy
  • Średni wynik to 4 z 13

Statystyki odpowiedzi

Obiekty sportoweSports facilities% Poprawnych
StadionStadium
82%
BasenSwimming pool
77%
Kort tenisowyTennis court
64%
Ściana do wspinaczkiClimbing wall
45%
Ring bokserskiBoxing ring
41%
Sala gimnastycznaGym
32%
Centrum sportuSports centre
23%
Boisko do piłki nożnejFootball pitch
18%
Tor wyścigowyRace track
18%
LodowiskoIce skating rink
9%
Tor przeszkódObstacle course
9%
Arena sportowaSporting venue
9%
Stok narciarskiSki slope
5%

Rozkład punktacji

Percentyl według liczby udzielonych odpowiedzi

Procent ludzi z każdym wynikiem

Twoja historia wyników

Nie rozwiązałeś tego quizu